| 000 | 00000nam##2200000za#4500 |
| 001 | 9.590450 |
| 003 | CaOODSP |
| 005 | 20210624200130 |
| 007 | cr ||||||||||| |
| 008 | 150406|1987||||xxc|||||o f|0| 0 fre|d |
| 040 | |aCaOODSP|bfre |
| 041 | |aeng |
| 041 | |afre |
| 043 | |an-cn--- |
| 086 | 1 |aS52-2/176-1987-PDF |
| 110 | 1 |aCanada.|bTravaux publics et Services gouvernementaux Canada.|bBureau de la traduction. |
| 245 | 10|aGlossaire des génériques en usage dans les noms géographiques du Canada |h[ressource électronique] |
| 260 | |aOttawa - Ontario : |bTravaux publics et Services gouvernementaux Canada. |cc1987. |
| 300 | |a377p. |
| 490 | 1 |aBulletin de terminologie |vN° 176 |
| 500 | |aÉdition numérisée de l'imprimé. [Produit par les Éditions et Services de dépôt, 2014.] Publié en collab. avec Énergie, mines et ressources Canada. Publié par le Bureau des traductions, Direction générale de la terminologie et des services linguistiques. |
| 504 | |aBibliographie. |
| 590 | |a14-22-Supp|b2014-12-24 |
| 791 | |tGlossary of generic terms in Canada's geographical names |eeng|w(CaOODSP)9.590449 |
| 830 | #0|aBulletin de terminologie ;|vN° 176|w(CaOODSP)9.500140 |
| 856 | 40|ahttp://publications.gc.ca|qPDF|s15,704 Ko|uhttps://publications.gc.ca/collections/collection_2014/tpsgc-pwgsc/S52-2-176-1987.pdf|yN° 176 |